[Event "Olympiad Women-45"]
[Site "Budapest"]
[Date "2024.09.22"]
[Round "11.2"]
[White "Hamouri, Taqwa"]
[Black "Johannsdottir, Johanna Bjorg"]
[Result "0-1"]
[WhiteElo "1845"]
[BlackElo "2013"]
[PlyCount "104"]
[EventDate "2024.09.11"]
[EventType "team-swiss"]
[EventRounds "11"]
[EventCountry "HUN"]
[SourceTitle "EXT 2025"]
[Source "ChessBase"]
[SourceDate "2024.10.14"]
[SourceVersion "1"]
[SourceVersionDate "2024.10.14"]
[SourceQuality "1"]
[WhiteTeam "Palestine (W)"]
[BlackTeam "Iceland (W)"]
[WhiteTeamCountry "PLE"]
[BlackTeamCountry "ISL"]

1. e4 g6 2. d4 Bg7 3. Nc3 d6 4. Bg5 a6 5. f4 Nd7 6. Nf3 c5 7. d5 b5 8. a3 Qa5 9. Be2 Bxc3+ 10. bxc3 Qxc3+ 11. Nd2 Qe3 12. Rf1 Ngf6 13. Bh4 Nxe4 14. Nxe4 Qxe4 15. Qd3 Qxd3 16. Bxd3 c4 17. Be4 Nc5 18. Bf3 0-0 19. Kd2 Ra7 20. Rfe1 f6 21. Re2 Kf7 22. Bf2 Rc7 23. Rae1 Re8 24. g4 a5 25. Rb1 Ba6 26. Bd4 Na4 27. c3 Nc5 28. Kc2 Rb8 29. f5 Bc8 30. fxg6+ hxg6 31. h3 Nd3 32. Be4 Nf4 33. Rh2 Bd7 34. Be3 e5 35. Bd2 Rh8 36. Bxf4 exf4 37. Bf3 g5 38. Kd2 Rc5 39. Rbh1 f5 40. gxf5 Bxf5 41. Rg1 Kf6 42. Rgh1 Re8 43. Re2 Rxe2+ 44. Kxe2 b4 45. axb4 axb4 46. cxb4 Rb5 47. Rc1 Rxb4 48. Rc3 Bxh3 49. Be4 g4 50. Kf2 Ke5 51. Bh1 Rb2+ 52. Kg1 g3 0-1

[Event "Olympiad Women-45"]
[Site "Budapest"]
[Date "2024.09.21"]
[Round "10.2"]
[White "Cadeau, Merisena"]
[Black "Hamouri, Taqwa"]
[Result "0-1"]
[WhiteElo "1671"]
[BlackElo "1845"]
[PlyCount "98"]
[EventDate "2024.09.11"]
[EventType "team-swiss"]
[EventRounds "11"]
[EventCountry "HUN"]
[SourceTitle "EXT 2025"]
[Source "ChessBase"]
[SourceDate "2024.10.14"]
[SourceVersion "1"]
[SourceVersionDate "2024.10.14"]
[SourceQuality "1"]
[WhiteTeam "Haiti (W)"]
[BlackTeam "Palestine (W)"]
[WhiteTeamCountry "HAI"]
[BlackTeamCountry "PLE"]

1. d4 Nf6 2. c4 g6 3. Nc3 Bg7 4. e4 d6 5. Be2 Nbd7 6. Nf3 e5 7. d5 Nc5 8. Bg5 h6 9. Bxf6 Bxf6 10. b4 Nd7 11. 0-0 0-0 12. Qd2 Bg7 13. a3 f5 14. Qd3 f4 15. Rfd1 a6 16. Rac1 g5 17. Nd2 Nf6 18. Nb3 Bd7 19. Na5 b6 20. Nc6 Qe8 21. b5 a5 22. a4 Rf7 23. Kh1 Bf8 24. Rg1 Rg7 25. Rcf1 g4 26. g3 f3 27. Bd1 Rg5 28. h4 Rh5 29. Kh2 Rg5 30. Rh1 Rg6 31. Bc2 Qf7 32. Nd1 Nh5 33. Qd2 Re8 34. Rhg1 Bg7 35. Re1 Bf6 36. Ne3 Bxh4 37. Nf5 Bg5 38. Qc3 Bxf5 39. exf5 Rf6 40. Qd3 Nf4 41. Rh1 Nxd3 42. Bxd3 h5 43. Re4 Rxf5 44. Rhe1 Rf6 45. Bc2 h4 46. Rxg4 Qh5 47. Kh3 hxg3+ 48. Kxg3 Rf4 49. Re4 Qxg4+ 0-1

[Event "Abu Dhabi Masters Online"]
[Site "Chess.com INT"]
[Date "2024.08.21"]
[Round "5"]
[White "Nandhidhaa, PV."]
[Black "Hamouri, Taqwa"]
[Result "1-0"]
[WhiteElo "2323"]
[BlackElo "1845"]
[PlyCount "109"]
[EventDate "2024.08.21"]
[EventType "swiss (blitz)"]
[EventRounds "11"]
[EventCountry "UAE"]
[SourceTitle "CBM 221 Extra"]
[Source "ChessBase"]
[SourceDate "2024.09.30"]
[SourceVersion "1"]
[SourceVersionDate "2024.09.30"]
[SourceQuality "1"]

1. Nf3 Nf6 2. g3 g6 3. Bg2 Bg7 4. 0-0 d6 5. c4 0-0 6. d4 c6 7. Nc3 Nbd7 8. Re1 e5 9. b3 a5 10. Bb2 Qc7 11. Qd2 Ne8 12. Rad1 f5 13. Ng5 Ndf6 14. dxe5 dxe5 15. Qd8 Qb8 16. Ba3 h6 17. Bxf8 Kxf8 18. Nf3 e4 19. Nh4 g5 20. Ng6+ Kf7 21. Ne5+ Qxe5 22. Na4 Qe7 23. Nb6 Rb8 24. Nxc8 Qxd8 25. Rxd8 Ng4 26. Nd6+ Ke7 27. Rxb8 Nxd6 28. Rd1 Be5 29. c5 Nb5 30. Rxb7+ Ke6 31. Rb6 Nc3 32. Rxc6+ Ke7 33. Rd2 Nb5 34. Rb6 Bc3 35. Rd1 Nd4 36. Bf1 e3 37. f3 Ne5 38. Rc1 Bb4 39. c6 Kd8 40. c7+ Kd7 41. c8Q+ Ke7 42. Rb7+ Kf6 43. Qd8+ Kg6 44. Qg8+ Kf6 45. Qg7+ Ke6 46. Rb6+ Kd5 47. Qb7+ Nec6 48. Rbxc6 Ke5 49. R6c5+ Bxc5 50. Rxc5+ Ke6 51. Qd5+ Kf6 52. Qxd4+ Kg6 53. Rc6+ Kh5 54. g4+ Kh4 55. Rxh6# 1-0

[Event "Titled Tuesday intern op 23rd Jul Early"]
[Site "Chess.com INT"]
[Date "2024.07.23"]
[Round "5"]
[White "Liu, Kelsey"]
[Black "Hamouri, Taqwa"]
[Result "1-0"]
[WhiteElo "1976"]
[BlackElo "1845"]
[PlyCount "111"]
[EventDate "2024.07.23"]
[EventType "swiss (blitz)"]
[EventRounds "11"]
[EventCountry "USA"]
[SourceTitle "EXT 2025"]
[Source "ChessBase"]
[SourceDate "2024.10.14"]
[SourceVersion "1"]
[SourceVersionDate "2024.10.14"]
[SourceQuality "1"]

1. e4 e6 2. d4 d5 3. Bd3 c5 4. c3 Nc6 5. Ne2 Bd7 6. 0-0 a6 7. exd5 exd5 8. Re1 Be7 9. dxc5 Nf6 10. Bg5 0-0 11. b4 h6 12. Bh4 Be6 13. Nd2 d4 14. Nxd4 Nxd4 15. cxd4 Qxd4 16. Ne4 Nxe4 17. Rxe4 Qd8 18. Bxe7 Qxe7 19. Bc4 Qf6 20. Bxe6 fxe6 21. Qe1 Rfe8 22. Rd1 Qf7 23. h3 Rac8 24. Rd6 Rc6 25. Rxc6 bxc6 26. Qe2 Qd7 27. Qxa6 Qd5 28. Qc4 Qd1+ 29. Kh2 Qd7 30. a4 Kf7 31. b5 Qc7+ 32. g3 Qd7 33. b6 Ra8 34. Qb3 Qd5 35. Rf4+ Kg8 36. Qxd5 exd5 37. b7 Rb8 38. Rb4 Kf7 39. a5 d4 40. a6 d3 41. Rd4 Ke7 42. Rxd3 g5 43. a7 Rxb7 44. a8Q Rd7 45. Rxd7+ Kxd7 46. Qb7+ Ke6 47. Qxc6+ Kf5 48. Qe8 g4 49. hxg4+ Kg5 50. Qh5+ Kf6 51. Qxh6+ Kf7 52. c6 Kg8 53. c7 Kf7 54. c8Q Ke7 55. Qc7+ Ke8 56. Qh8# 1-0

[Event "Hebron Al Aqsa op 1st"]
[Site "Hebron"]
[Date "2022.12.16"]
[Round "8"]
[White "Alhmouri, Mostafa"]
[Black "Hamouri, Taqwa"]
[Result "1-0"]
[WhiteElo "1807"]
[BlackElo "1443"]
[PlyCount "89"]
[EventDate "2022.12.08"]
[EventType "swiss"]
[EventRounds "9"]
[EventCountry "PLE"]
[SourceTitle "EXT 2024"]
[Source "ChessBase"]
[SourceDate "2023.10.10"]
[SourceVersion "1"]
[SourceVersionDate "2023.10.10"]
[SourceQuality "1"]

1. e4 e6 2. Nc3 d5 3. exd5 exd5 4. d4 Nf6 5. Nf3 Bd6 6. Qe2+ Be6 7. Bg5 c6 8. 0-0-0 h6 9. Bh4 Nbd7 10. Qd2 Qa5 11. a3 b5 12. Nb1 Qb6 13. Bd3 Ne4 14. Bxe4 dxe4 15. Ne5 Nxe5 16. dxe5 Bxe5 17. f4 Bc7 18. Rhe1 f5 19. g3 0-0 20. Qe3 Bf7 21. Qc3 Bd5 22. Be7 Rfe8 23. Bc5 Qb7 24. Bd4 Bd6 25. b4 Reb8 26. Nd2 a5 27. Nb3 axb4 28. axb4 Ra2 29. Na5 Qd7 30. Bc5 Bxc5 31. Qxc5 Ra1+ 32. Kb2 Ra2+ 33. Kb1 Qe6 34. Nxc6 Qf6 35. Qxd5+ Kh7 36. Kxa2 Ra8+ 37. Na5 Rc8 38. Kb1 Qc3 39. Qxf5+ Kh8 40. Qxe4 Qa3 41. Re3 Qa4 42. Rb3 Rf8 43. Rdd3 Rc8 44. Rdc3 Rd8 45. Ra3 1-0

[Event "Olympiad Women-44"]
[Site "Chennai"]
[Date "2022.08.01"]
[Round "4.4"]
[White "Hamouri, Taqwa"]
[Black "Granados Ortiz, Maria Jose"]
[Result "1-0"]
[WhiteElo "1214"]
[BlackElo "1753"]
[PlyCount "71"]
[EventDate "2022.07.29"]
[EventType "team-swiss"]
[EventRounds "11"]
[EventCountry "IND"]
[SourceTitle "CBM 210"]
[Source "ChessBase"]
[SourceDate "2022.10.31"]
[SourceVersion "1"]
[SourceVersionDate "2022.10.31"]
[SourceQuality "1"]
[WhiteTeam "Palestine (W)"]
[BlackTeam "Nicaragua (W)"]
[WhiteTeamCountry "PLE"]
[BlackTeamCountry "NCA"]

1. e4 Nf6 2. e5 Nd5 3. d4 d6 4. Bc4 e6 5. Nf3 Be7 6. 0-0 0-0 7. Qe2 Nc6 8. a3 h6 9. Bd3 f5 10. c3 dxe5 11. Nxe5 Nxe5 12. dxe5 Bc5 13. Rd1 Qe8 14. b4 Be7 15. f4 c5 16. Bc4 Nc7 17. Be3 cxb4 18. axb4 b5 19. Bb3 a6 20. Bb6 Qc6 21. Bxc7 Qxc7 22. Rd3 Qb6+ 23. Kh1 Rd8 24. Rxd8+ Bxd8 25. Na3 Rb8 26. Rd1 Be7 27. Nc2 Kh8 28. Nd4 a5 29. bxa5 Qxa5 30. Nc6 Qc7 31. Nxb8 Qxb8 32. Qh5 Qc7 33. Qf7 Bb7 34. Bxe6 Kh7 35. Qg8+ Kg6 36. Bf7# 1-0

[Event "Olympiad Women-44"]
[Site "Chennai"]
[Date "2022.07.31"]
[Round "3.4"]
[White "Hamouri, Taqwa"]
[Black "Onoja, Iyefu Joy"]
[Result "1-0"]
[WhiteElo "1214"]
[BlackElo "1869"]
[PlyCount "75"]
[EventDate "2022.07.29"]
[EventType "team-swiss"]
[EventRounds "11"]
[EventCountry "IND"]
[SourceTitle "CBM 210"]
[Source "ChessBase"]
[SourceDate "2022.10.31"]
[SourceVersion "1"]
[SourceVersionDate "2022.10.31"]
[SourceQuality "1"]
[WhiteTeam "Palestine (W)"]
[BlackTeam "Nigeria (W)"]
[WhiteTeamCountry "PLE"]
[BlackTeamCountry "NGR"]

1. e4 e6 2. d4 d5 3. exd5 exd5 4. Nf3 Nf6 5. c4 Be7 6. Bd3 Nc6 7. Be3 Nb4 8. Be2 Bf5 9. Na3 c6 10. c5 Ng4 11. Bf4 b6 12. h3 Nf6 13. Be3 bxc5 14. dxc5 Qa5 15. 0-0 Bxc5 16. Nd4 Bxd4 17. Qxd4 0-0 18. Rac1 Ne4 19. Qe5 Bg6 20. Bf3 Nd3 21. Qe7 Rfe8 22. Qd7 Nxc1 23. Rxc1 Qb4 24. Nc2 Qxb2 25. Bxe4 Bxe4 26. Nd4 Rad8 27. Qxa7 Ra8 28. Qd7 Qxa2 29. Nxc6 Qa3 30. Nd4 Rad8 31. Qg4 Bg6 32. Rd1 Re4 33. Qg3 Bh5 34. Rb1 Rde8 35. Nf5 Bg6 36. Nd6 R4e6 37. Nxe8 Bxb1 38. Qxg7# 1-0

[Event "Online Olym Div3 C"]
[Site "Chess.com INT"]
[Date "2021.08.28"]
[Round "4.4"]
[White "Fatima, Saif Al Ali"]
[Black "Hamouri, Taqwa"]
[Result "0-1"]
[WhiteElo "1352"]
[BlackElo "1116"]
[PlyCount "50"]
[EventDate "2021.08.27"]
[EventType "team-tourn (rapid)"]
[EventRounds "9"]
[EventCountry "USA"]
[SourceTitle "CBM 204 Extra"]
[Source "ChessBase"]
[SourceDate "2021.11.30"]
[SourceVersion "1"]
[SourceVersionDate "2021.11.30"]
[SourceQuality "1"]
[WhiteTeam "United Arab Emirates"]
[BlackTeam "Palestine"]
[WhiteTeamCountry "UAE"]
[BlackTeamCountry "PLE"]

1. e4 d6 2. d4 Nf6 3. Nc3 g6 4. f3 Bg7 5. Be3 c6 6. Qd2 b5 7. Bd3 h5 8. h4 Nbd7 9. Nh3 e5 10. Ng5 b4 11. Ne2 c5 12. dxc5 dxc5 13. Bc4 0-0 14. 0-0-0 Qa5 15. c3 Ba6 16. cxb4 cxb4 17. Bb3 Rac8+ 18. Kb1 Nc5 19. Bxc5 Rxc5 20. Rc1 Qb6 21. Rhf1 Rd8 22. Bxf7+ Kh8 23. Qe1 Rxc1+ 24. Kxc1 Qe3+ 25. Kb1 Bxe2 0-1

[Event "Online Olym Div3 C"]
[Site "Chess.com INT"]
[Date "2021.08.27"]
[Round "3.3"]
[White "Hamouri, Taqwa"]
[Black "Peace, Samson"]
[Result "1-0"]
[WhiteElo "1116"]
[BlackElo "1718"]
[PlyCount "113"]
[EventDate "2021.08.27"]
[EventType "team-tourn (rapid)"]
[EventRounds "9"]
[EventCountry "USA"]
[SourceTitle "CBM 204 Extra"]
[Source "ChessBase"]
[SourceDate "2021.11.30"]
[SourceVersion "1"]
[SourceVersionDate "2021.11.30"]
[SourceQuality "1"]
[WhiteTeam "Palestine"]
[BlackTeam "Nigeria"]
[WhiteTeamCountry "PLE"]
[BlackTeamCountry "NGR"]

1. e4 c5 2. Nc3 g6 3. g3 Bg7 4. Bg2 Nc6 5. Nge2 d6 6. d3 Qb6 7. Nd5 Qa5+ 8. Bd2 Qd8 9. c3 e6 10. Ne3 Nf6 11. a4 Ne5 12. Qc2 Qb6 13. f4 Nc6 14. h3 0-0 15. 0-0 Bd7 16. Kh2 Na5 17. Be1 Nb3 18. Ra2 Na5 19. b4 cxb4 20. cxb4 Nc6 21. b5 Ne7 22. Nc4 Qc7 23. Bb4 Nc8 24. e5 Ne8 25. Nxd6 Qxc2 26. Rxc2 Nexd6 27. exd6 Re8 28. Bxb7 Rb8 29. Bxc8 Rbxc8 30. Rfc1 Rxc2 31. Rxc2 Rc8 32. Rxc8+ Bxc8 33. Nc3 Bxc3 34. Bxc3 Kf8 35. Bf6 Ke8 36. Be7 f5 37. g4 Kf7 38. Kg3 h6 39. d4 Bd7 40. g5 h5 41. h4 Ke8 42. Kf3 a6 43. bxa6 Bxa4 44. Ke3 Kd7 45. Kd2 Bc6 46. Kc3 Kc8 47. Kb4 Kb8 48. Kc5 Bd7 49. Kb6 Ka8 50. Bd8 Kb8 51. a7+ Ka8 52. Bc7 Be8 53. Bb8 Ba4 54. Kc7 Bb5 55. d7 Bxd7 56. Kxd7 Kb7 57. Kxe6 1-0

[Event "Online Olym Div4 B"]
[Site "Chess.com INT"]
[Date "2021.08.22"]
[Round "9.6"]
[White "Hamouri, Taqwa"]
[Black "Shriyan Santosh, Priyasha"]
[Result "1-0"]
[WhiteElo "1116"]
[BlackElo "1542"]
[PlyCount "79"]
[EventDate "2021.08.20"]
[EventType "team (rapid)"]
[EventRounds "11"]
[EventCountry "USA"]
[SourceTitle "CBM 203 Extra"]
[Source "ChessBase"]
[SourceDate "2021.09.30"]
[SourceVersion "1"]
[SourceVersionDate "2021.09.30"]
[SourceQuality "1"]
[WhiteTeam "Palestine"]
[BlackTeam "Malawi"]
[WhiteTeamCountry "PLE"]
[BlackTeamCountry "MWI"]

1. e4 g6 2. d4 Bg7 3. Nc3 a6 4. Be3 b5 5. a3 Bb7 6. Qd2 d6 7. f3 Nd7 8. Nge2 Rc8 9. Ng3 h6 10. Be2 Ngf6 11. 0-0 Kf8 12. f4 e5 13. f5 Kg8 14. h3 Kh7 15. Bd3 exd4 16. Bxd4 Ne5 17. a4 c5 18. Be3 c4 19. Be2 b4 20. Nd5 Bxd5 21. exd5 a5 22. c3 b3 23. Bd4 Qc7 24. Bxe5 dxe5 25. Bf3 Rhd8 26. Rad1 Re8 27. Rfe1 Qc5+ 28. Qf2 Qd6 29. Ne4 Nxe4 30. Bxe4 Rf8 31. Qg3 Qf6 32. Rf1 Qd6 33. h4 h5 34. Qg5 Kg8 35. f6 Bh8 36. Bxg6 Bxf6 37. Rxf6 Qc5+ 38. Kh2 e4 39. Bxh5+ Kh8 40. Rh6# 1-0

[Event "Wch FIDE Online U14 Girls Asia qual"]
[Site "Tornelo INT"]
[Date "2020.12.13"]
[Round "7"]
[White "Hamouri, Taqwa"]
[Black "Saadatmandi, Elina"]
[Result "0-1"]
[WhiteElo "1040"]
[BlackElo "1531"]
[PlyCount "94"]
[EventDate "2020.12.11"]
[EventType "swiss (rapid)"]
[EventRounds "7"]
[EventCountry "ISS"]
[SourceTitle "EXT 2022"]
[Source "ChessBase"]
[SourceDate "2021.10.06"]
[SourceVersion "1"]
[SourceVersionDate "2021.10.06"]
[SourceQuality "1"]

1. e4 e5 2. Nf3 Nc6 3. Bc4 Nf6 4. d3 Bc5 5. c3 d6 6. h3 0-0 7. 0-0 Be6 8. Bb3 d5 9. exd5 Nxd5 10. Re1 h6 11. Nxe5 Nxe5 12. d4 Bb6 13. dxe5 c6 14. Nd2 Qh4 15. Rf1 Qg3 16. Qf3 Qxe5 17. Nc4 Qc7 18. Nxb6 axb6 19. Re1 Rfe8 20. Bc2 Bg4 21. Rxe8+ Rxe8 22. Qg3 Qxg3 23. fxg3 Bd7 24. Bf4 Re2 25. Rc1 c5 26. Kf1 Bb5 27. Kg1 Bc6 28. Kf1 Nxf4 29. gxf4 Rxg2 30. Ba4 Rxb2 31. Bb3 Bg2+ 32. Kg1 Bxh3 33. Re1 Kf8 34. Rd1 Ke7 35. Re1+ Kf6 36. Rd1 Be6 37. Rd6 Ke7 38. Rxb6 c4 39. Rxb7+ Kf6 40. Rb6 cxb3 41. axb3 Rxb3 42. Rc6 Kf5 43. Kf2 Kxf4 44. Rc7 h5 45. Kg2 Rb2+ 46. Kh1 Kg3 47. c4 Rb1# 0-1

[Event "Wch FIDE Online U14 Girls Asia qual"]
[Site "Tornelo INT"]
[Date "2020.12.13"]
[Round "6"]
[White "Kriti, Mayur Patel"]
[Black "Hamouri, Taqwa"]
[Result "1-0"]
[WhiteElo "1394"]
[BlackElo "1040"]
[PlyCount "87"]
[EventDate "2020.12.11"]
[EventType "swiss (rapid)"]
[EventRounds "7"]
[EventCountry "ISS"]
[SourceTitle "EXT 2022"]
[Source "ChessBase"]
[SourceDate "2021.10.06"]
[SourceVersion "1"]
[SourceVersionDate "2021.10.06"]
[SourceQuality "1"]

1. e4 d6 2. d4 Nf6 3. Nc3 g6 4. f4 Bg7 5. Nf3 c6 6. Bd3 Nbd7 7. 0-0 0-0 8. e5 dxe5 9. fxe5 Nd5 10. Ne4 b5 11. c3 a5 12. a3 Qb6 13. Kh1 Qd8 14. Qe1 f5 15. Neg5 N7b6 16. Qh4 h6 17. Nh3 e6 18. Qe1 Rf7 19. Nf4 g5 20. Nh5 Bf8 21. Bd2 Qe8 22. h3 Be7 23. g4 Rf8 24. Kh2 Ba6 25. Qg3 Kh8 26. gxf5 exf5 27. Nf6 Nxf6 28. exf6 Bxf6 29. Rae1 Qb8 30. Bxf5 Qxg3+ 31. Kxg3 Bg7 32. Bg4 Nd5 33. Ne5 Kg8 34. Nxc6 Bb7 35. Be6+ Kh8 36. Bxd5 Bxc6 37. Bxc6 Rab8 38. d5 b4 39. cxb4 axb4 40. Bxb4 Rfd8 41. d6 Rb6 42. d7 Kh7 43. Re8 Rbb8 44. Be4# 1-0

[Event "Wch FIDE Online U14 Girls Asia qual"]
[Site "Tornelo INT"]
[Date "2020.12.12"]
[Round "4"]
[White "Gratchev, Ekaterina"]
[Black "Hamouri, Taqwa"]
[Result "1-0"]
[WhiteElo "1436"]
[BlackElo "1040"]
[PlyCount "41"]
[EventDate "2020.12.11"]
[EventType "swiss (rapid)"]
[EventRounds "7"]
[EventCountry "ISS"]
[SourceTitle "EXT 2022"]
[Source "ChessBase"]
[SourceDate "2021.10.06"]
[SourceVersion "1"]
[SourceVersionDate "2021.10.06"]
[SourceQuality "1"]

1. e4 d6 2. Nc3 Nf6 3. f4 g6 4. Nf3 Bg7 5. Bc4 c6 6. d3 Nbd7 7. 0-0 0-0 8. Qe1 e5 9. f5 a5 10. fxg6 hxg6 11. a4 Nc5 12. Be3 Ne6 13. Ng5 d5 14. exd5 cxd5 15. Bb3 d4 16. Qh4 Nh5 17. g4 dxe3 18. Bxe6 Bxe6 19. gxh5 Bf6 20. hxg6 fxg6 21. Qh7# 1-0

[Event "Wch FIDE Online U14 Girls Asia qual"]
[Site "Tornelo INT"]
[Date "2020.12.12"]
[Round "3"]
[White "Hamouri, Taqwa"]
[Black "Chong, Kai Ni Agnes"]
[Result "0-1"]
[WhiteElo "1040"]
[BlackElo "1892"]
[PlyCount "86"]
[EventDate "2020.12.11"]
[EventType "swiss (rapid)"]
[EventRounds "7"]
[EventCountry "ISS"]
[SourceTitle "EXT 2022"]
[Source "ChessBase"]
[SourceDate "2021.10.06"]
[SourceVersion "1"]
[SourceVersionDate "2021.10.06"]
[SourceQuality "1"]

1. e4 c5 2. Nc3 d6 3. g3 Nc6 4. d3 g6 5. Bg2 Bg7 6. Nge2 e5 7. Be3 Nge7 8. Qd2 0-0 9. 0-0 Nd4 10. Nd1 b5 11. c3 Nxe2+ 12. Qxe2 Bb7 13. f4 Rc8 14. f5 f6 15. h4 d5 16. g4 d4 17. Bd2 c4 18. Nf2 Qd7 19. Rad1 Qc6 20. dxc4 bxc4 21. cxd4 exd4 22. Bb4 d3 23. Qf3 Rfe8 24. Rc1 Qb6 25. Bc3 Nc6 26. fxg6 hxg6 27. Bxf6 Rf8 28. g5 Bxf6 29. gxf6 Nd4 30. Qg4 Rxf6 31. Kh2 Ne2 32. Rcd1 Qd6+ 33. Kh1 Ng3+ 34. Kg1 Nxf1 35. Kxf1 Rcf8 36. Rd2 Qd4 37. Qg3 Qb6 38. Ke1 Qd4 39. Kf1 Qb6 40. Ke1 Qb4 41. Kd1 Bc6 42. e5 Ba4+ 43. Kc1 c3 0-1

[Event "Asia Nations online Cup (Women)"]
[Site "Chess.com INT"]
[Date "2020.10.17"]
[Round "4.9"]
[White "Fatima, Saif Al Ali"]
[Black "Hamouri, Taqwa"]
[Result "1/2-1/2"]
[WhiteElo "1354"]
[BlackElo "1040"]
[PlyCount "140"]
[EventDate "2020.10.11"]
[EventType "team-swiss (rapid)"]
[EventRounds "9"]
[EventCountry "IND"]
[SourceTitle "CBM 198 Extra"]
[Source "ChessBase"]
[SourceDate "2020.11.30"]
[SourceVersion "1"]
[SourceVersionDate "2020.11.30"]
[SourceQuality "1"]
[WhiteTeam "United Arab Emirates (W)"]
[BlackTeam "Palestine (W)"]
[WhiteTeamCountry "UAE"]
[BlackTeamCountry "PLE"]

1. e4 d6 2. d4 Nf6 3. Nc3 g6 4. f3 Bg7 5. Be3 Nbd7 6. Qd2 c6 7. g4 e5 8. dxe5 Nxe5 9. 0-0-0 a5 10. Qxd6 Qxd6 11. Rxd6 0-0 12. h4 Ne8 13. Rd1 h6 14. Bc5 Be6 15. Bxf8 Kxf8 16. Be2 b5 17. Nh3 b4 18. Na4 Nc7 19. Kb1 Rb8 20. Nc5 Bc8 21. Rhg1 Ke7 22. f4 Nd7 23. Nxd7 Bxd7 24. Bc4 h5 25. Bxf7 Bxg4 26. Bxg6 Bxh3 27. Bxh5 Bf6 28. e5 Bh8 29. Rd6 Rb6 30. Rh6 Rb8 31. Rxc6 Nd5 32. Rd1 Nxf4 33. Bf3 Bxe5 34. Re1 Bd7 35. Rxe5+ Kd8 36. Rc4 Ng6 37. Rxa5 Ne7 38. Rd4 Ke8 39. Ra7 Bf5 40. h5 Rc8 41. Rd2 Kf8 42. Re2 Ng8 43. Ra5 Bd7 44. Ra6 Rd8 45. Rd6 Ne7 46. Red2 Ke8 47. h6 Nf5 48. Bd1 Nxd6 49. Bh5+ Ke7 50. h7 Rh8 51. Bg6 Nf5 52. Re2+ Kf6 53. Rg2 Ne7 54. Bd3 Bf5 55. Rf2 Rxh7 56. Kc1 Rh1+ 57. Kd2 Ra1 58. Bxf5 Nxf5 59. Rf4 Rxa2 60. Rxb4 Nd6 61. Rb6 Ke5 62. Rb3 Nc4+ 63. Kc3 Na5 64. Ra3 Rxa3+ 65. bxa3 Kd5 66. Kb4 Nc6+ 67. Kb3 Kc5 68. c3 Na5+ 69. Ka4 Kb6 70. Kb4 Nc6+ 1/2-1/2